Nórsko ako smart power a jeho pôsobenie a vplyv vo svete

Koncept „smartpower“, ako špecifický spôsob vedenia zahraničnej politiky a realizácie medzinárodných vzťahov, predstavuje základnú charakteristiku medzinárodnej politiky v 21. storočí. Ide o širokospektrálnu teóriu, ktorú je možné hodnotiť z viacerých uhlov pohľadu. Prezentácia existencie úplne nove...

Ausführliche Beschreibung

Gespeichert in:
Bibliographische Detailangaben
1. Verfasser: Dzurňáková, Jana
Format: Buchkapitel
Sprache:Slowakisch
Schlagworte:
Tags: Tag hinzufügen
Keine Tags, Fügen Sie das erste Tag hinzu!

MARC

LEADER 00000naa a2200000 4500
001 0194521
005 20220714120404.8
041 0 |a slo 
044 |a CZ 
245 1 0 |a Nórsko ako smart power a jeho pôsobenie a vplyv vo svete  |c Jana Dzurňáková 
520 |a Koncept „smartpower“, ako špecifický spôsob vedenia zahraničnej politiky a realizácie medzinárodných vzťahov, predstavuje základnú charakteristiku medzinárodnej politiky v 21. storočí. Ide o širokospektrálnu teóriu, ktorú je možné hodnotiť z viacerých uhlov pohľadu. Prezentácia existencie úplne novej úrovne „smartpower“, akú pozná jej klasický koncept na príklade Nórska. Nový rozmer pôvodnej teórie „smartpower“ upriamuje pozornosť na neobyčajne šikovné smart využitie všetkých dostupných soft možností, ktoré má krajina prirodzene k dispozícii, aj keď sa na prvý pohľad nejavia byť nijako osobitne prínosné či výnimočné. 
610 2 0 |a diplomacia 
610 2 0 |a Nórsko 
610 2 0 |a politika mierová 
610 2 0 |a politika zahraničná 
610 2 0 |a vzťahy zahraničné 
100 1 |a Dzurňáková, Jana